书目信息 |
| 题名: |
大汗之国:西方眼中的中国
|
|
| 作者: | 史景迁 | |
| 分册: | ||
| 出版信息: | 桂林 广西师范大学出版社 2015 |
|
| 页数: | 304 | |
| 开本: | 26cm | |
| 丛书名: | ||
| 单 册: | ||
| 中图分类: | ||
| 科图分类: | ||
| 主题词: | ||
| 电子资源: | ||
| ISBN: | 978-7-5495-3348-0 | |
| 000 | 00512nam0 2200157 450 | |
| 001 | 2638982354 | |
| 005 | 20260413105205.94 | |
| 010 | @a978-7-5495-3348-0@d45 | |
| 100 | @a20170615d km y0chiy0120 ea | |
| 101 | 0 | @achi |
| 200 | 1 | @a大汗之国:西方眼中的中国@Ada han zhi guo:xi fang yan zhong de zhong guo@f史景迁@Fshi jing qian |
| 210 | @a桂林@c广西师范大学出版社@d2015 | |
| 215 | @a304@d26cm | |
| 701 | 0 | @a史景迁@Ashi jing qian |
| 801 | 0 | @aCN@b大连网信软件有限公司图书馆·11@c20260413 |
| 905 | @b7617587@dK203@eZW364@f1 | |
| 大汗之国:西方眼中的中国/史景迁.-桂林:广西师范大学出版社,2015 |
| 304;26cm |
| ISBN 978-7-5495-3348-0:45 |
| ● |
| 相关链接 |
|
|
|
|
正题名:大汗之国:西方眼中的中国
索取号:K203/ZW364
 
预约/预借
| 序号 | 登录号 | 条形码 | 馆藏地/架位号 | 状态 | 备注 |
| 1 | 1442710 | 214427100 | 密集书库-文学院/ [索取号:K203/ZW364] | 在馆 |